[Event "69th RUS-ch Women Superfinal 2019"]
[Site "Izhevsk"]
[Date "2019.08.19"]
[Round "8.1"]
[White "Kashlinskaya, Alina"]
[Black "Bodnaruk, Anastasia"]
[Result "1-0"]
[WhiteElo "2492"]
[BlackElo "2440"]
[Annotator "ChessBase"]
[PlyCount "165"]
[EventDate "2019.08.10"]
[EventType "tourn"]
[EventCountry "RUS"]
[SourceTitle "playchess.com"]
[Source "ChessBase"]
[SourceQuality "1"]
[TimeControl "40/5400+30:1800+30"]

1. d4 {[%emt 0:00:00]} Nf6 {[%emt 0:00:00]} 2. c4 {[%emt 0:00:00]} g6 {[%emt 0:00:00]} 3. Nc3 {[%emt 0:00:00]} Bg7 {[%emt 0:00:00]} 4. e4 {[%emt 0:00:00]} d6 {[%emt 0:00:00]} 5. Nf3 {[%emt 0:00:03]} O-O {[%emt 0:00:00]} 6. Be2 {[%emt 0:00:04]} e5 {[%emt 0:00:11]} 7. O-O {[%emt 0:00:08]} Nc6 {[%emt 0:00:04]} 8. dxe5 {[%emt 0:00:13]} Nxe5 {[%emt 0:12:23]} 9. Bf4 {[%emt 0:00:41]} Nxf3+ {[%emt 0:05:41]} 10. Bxf3 {[%emt 0:02:41]} Nd7 {[%emt 0:00:11]} 11. Qd2 {[%emt 0:01:30]} Ne5 {[%emt 0:08:01]} 12. Be2 {[%emt 0:00:36]} Be6 {[%emt 0:00:07]} 13. b3 {[%emt 0:01:02]} Qe7 {[%emt 0:22:17]} 14. Rad1 {[%emt 0:05:38]} Rad8 {[%emt 0:02:28]} 15. h3 {[%emt 0:17:49]} c5 {[%emt 0:09:02]} 16. Nd5 {[%emt 0:10:37]} Bxd5 {[%emt 0:02:21]} 17. Qxd5 {[%emt 0:01:00]} Kh8 {[%emt 0:06:50]} 18. Bg3 {[%emt 0:02:42]} f5 {[%emt 0:03:48]} 19. exf5 {[%emt 0:06:52]} gxf5 {[%emt 0:00:13]} 20. f4 {[%emt 0:01:20]} Nc6 {[%emt 0:04:06]} 21. Bf3 {[%emt 0:02:01]} Bd4+ {[%emt 0:03:35]} 22. Kh2 {[%emt 0:03:18]} Nb4 {[%emt 0:07:23]} 23. Qxb7 {[%emt 0:00:35]} Rd7 {[%emt 0:00:03]} 24. Qb5 {[%emt 0:00:14]} Nc2 {[%emt 0:01:39]} 25. Rd2 {[%emt 0:06:09]} Ne3 {[%emt 0:00:45]} 26. Re1 {[%emt 0:00:17]} Qg7 {[%emt 0:02:54]} 27. Bf2 {[%emt 0:02:00]} Ng4+ {[%emt 0:08:46]} 28. hxg4 {[%emt 0:04:06]} Bxf2 {[%emt 0:00:01]} 29. Rxf2 {[%emt 0:00:09]} fxg4 {[%emt 0:00:01]} 30. Bxg4 {[%emt 0:02:39]} Qxg4 {[%emt 0:00:04]} 31. Qc6 {[%emt 0:00:39]} Qh4+ {[%emt 0:02:04]} 32. Kg1 {[%emt 0:00:02]} Re7 {[%emt 0:00:29]} 33. Re4 {[%emt 0:03:27]} Rg8 {[%emt 0:00:30]} 34. Rfe2 {[%emt 0:00:27]} Rxe4 {[%emt 0:00:31]} 35. Qxe4 {[%emt 0:00:54]} Rf8 {[%emt 0:00:29]} 36. f5 {[%emt 0:08:33]} Qf6 {[%emt 0:00:28]} 37. Qd5 {[%emt 0:01:00]} Qa1+ {[%emt 0:00:31]} 38. Kh2 {[%emt 0:00:14]} Qf6 {[%emt 0:00:31]} 39. Re6 {[%emt 0:00:44]} Qh4+ {[%emt 0:00:30]} 40. Kg1 {[%emt 0:00:00]} a5 {[%emt 0:00:00]} 41. Qxd6 {[%emt 0:04:22]} Rd8 {[%emt 0:09:40]} 42. Qe5+ {[%emt 0:00:51]} Kg8 {[%emt 0:00:04]} 43. Re8+ {[%emt 0:04:44]} Rxe8 {[%emt 0:00:05]} 44. Qxe8+ {[%emt 0:00:04]} Kg7 {[%emt 0:00:02]} 45. Qe5+ {[%emt 0:00:29]} Kf7 {[%emt 0:02:30]} 46. a3 {[%emt 0:12:30]} Qg4 {[%emt 0:05:07]} 47. Qd5+ {[%emt 0:06:09]} Kf6 {[%emt 0:02:11]} 48. Qxc5 {[%emt 0:00:44]} Qd1+ {[%emt 0:01:07]} 49. Kh2 {[%emt 0:00:09]} Qh5+ {[%emt 0:03:48]} 50. Kg3 {[%emt 0:00:13]} Qg5+ {[%emt 0:00:08]} 51. Kf3 {[%emt 0:00:09]} Qh5+ {[%emt 0:00:20]} 52. Ke3 {[%emt 0:00:35]} Qh1 {[%emt 0:05:13]} 53. Kf2 {[%emt 0:03:07]} Qh4+ {[%emt 0:00:41]} 54. Kf3 {[%emt 0:00:15]} Qh5+ {[%emt 0:00:26]} 55. g4 {[%emt 0:01:21]} Qh3+ {[%emt 0:02:09]} 56. Kf4 {[%emt 0:01:18]} Qh2+ {[%emt 0:00:33]} 57. Ke4 {[%emt 0:00:06]} Qh1+ {[%emt 0:01:52]} 58. Kf4 {[%emt 0:00:06]} Qh2+ {[%emt 0:00:12]} 59. Kf3 {[%emt 0:00:01]} Qh3+ {[%emt 0:00:33]} 60. Kf2 {[%emt 0:00:04]} Qh4+ {[%emt 0:01:49]} 61. Kf1 {[%emt 0:00:31]} Qh3+ {[%emt 0:00:44]} 62. Ke1 {[%emt 0:00:40]} Qh1+ {[%emt 0:02:13]} 63. Ke2 {[%emt 0:00:11]} Qg2+ {[%emt 0:00:31]} 64. Qf2 {[%emt 0:00:12]} Qxg4+ {[%emt 0:00:27]} 65. Qf3 {[%emt 0:00:02]} Qd4 {[%emt 0:00:35]} 66. Qd3 {[%emt 0:05:44]} Qb2+ {[%emt 0:00:31]} 67. Kf3 {[%emt 0:00:01]} Qxa3 {[%emt 0:00:26]} 68. Kg4 {[%emt 0:00:58]} Qa1 {[%emt 0:00:26]} 69. Qd6+ {[%emt 0:00:55]} Kf7 {[%emt 0:00:24]} 70. Qd7+ {[%emt 0:00:15]} Kg8 {[%emt 0:00:35]} 71. Qe8+ {[%emt 0:00:59]} Kg7 {[%emt 0:00:01]} 72. Qe7+ {[%emt 0:00:06]} Kg8 {[%emt 0:00:02]} 73. c5 {[%emt 0:00:21]} Qd4+ {[%emt 0:01:28]} 74. Kg5 {[%emt 0:00:29]} Qd2+ {[%emt 0:00:36]} 75. Kf6 {[%emt 0:00:06]} Qh6+ {[%emt 0:00:29]} 76. Ke5 {[%emt 0:00:02]} Qe3+ {[%emt 0:00:26]} 77. Kd6 {[%emt 0:00:01]} Qd2+ {[%emt 0:00:32]} 78. Kc6 {[%emt 0:00:56]} Qg2+ {[%emt 0:00:27]} 79. Kb6 {[%emt 0:01:07]} Qf3 {[%emt 0:00:32]} 80. f6 {[%emt 0:00:49]} Qxb3+ {[%emt 0:00:08]} 81. Ka7 {[%emt 0:00:04]} Qf7 {[%emt 0:00:57]} 82. Qxf7+ {[%emt 0:00:30]} Kxf7 {[%emt 0:00:01]} 83. c6 {[%emt 0:00:06]} 1-0

[Event "69th RUS-ch Women Superfinal 2019"]
[Site "Izhevsk"]
[Date "2019.08.19"]
[Round "8.2"]
[White "Potapova, Margarita"]
[Black "Goryachkina, Aleksandra"]
[Result "1/2-1/2"]
[WhiteElo "2292"]
[BlackElo "2564"]
[Annotator "ChessBase"]
[PlyCount "176"]
[EventDate "2019.08.10"]
[EventType "tourn"]
[EventCountry "RUS"]
[SourceTitle "playchess.com"]
[Source "ChessBase"]
[SourceQuality "1"]
[TimeControl "40/5400+30:1800+30"]

1. d4 {[%emt 0:00:00]} Nf6 {[%emt 0:00:00]} 2. c4 {[%emt 0:00:00]} e6 {[%emt 0:00:00]} 3. Nf3 {[%emt 0:00:00]} d5 {[%emt 0:00:02]} 4. Nc3 {[%emt 0:00:00]} c6 {[%emt 0:00:09]} 5. Bg5 {[%emt 0:00:50]} Nbd7 {[%emt 0:00:55]} 6. e3 {[%emt 0:00:21]} Qa5 {[%emt 0:01:09]} 7. Nd2 {[%emt 0:01:49]} Bb4 {[%emt 0:00:23]} 8. Qc2 {[%emt 0:00:32]} O-O {[%emt 0:00:38]} 9. Be2 {[%emt 0:00:06]} e5 {[%emt 0:01:09]} 10. Nb3 {[%emt 0:02:51]} Qc7 {[%emt 0:02:30]} 11. O-O {[%emt 0:01:35]} dxc4 {[%emt 0:03:20]} 12. Bxc4 {[%emt 0:00:18]} Bd6 {[%emt 0:00:13]} 13. h3 {[%emt 0:08:47]} h6 {[%emt 0:04:47]} 14. Bh4 {[%emt 0:04:39]} Nb6 {[%emt 0:02:53]} 15. Be2 {[%emt 0:06:51]} exd4 {[%emt 0:12:31]} 16. Bxf6 {[%emt 0:08:36]} dxc3 {[%emt 0:01:03]} 17. Bxc3 {[%emt 0:00:11]} Bd7 {[%emt 0:13:03]} 18. Rfd1 {[%emt 0:03:37]} Rad8 {[%emt 0:03:15]} 19. Ba5 {[%emt 0:11:21]} Rfe8 {[%emt 0:02:12]} 20. Rac1 {[%emt 0:02:10]} Bc8 {[%emt 0:08:59]} 21. Nd4 {[%emt 0:06:03]} Bf8 {[%emt 0:05:52]} 22. Bf1 {[%emt 0:04:14]} Qe5 {[%emt 0:02:24]} 23. Bc3 {[%emt 0:01:51]} Bd6 {[%emt 0:01:26]} 24. Nf3 {[%emt 0:05:25]} Qe7 {[%emt 0:00:28]} 25. b3 {[%emt 0:06:41]} Nd5 {[%emt 0:04:06]} 26. Ba1 {[%emt 0:04:46]} Ba3 {[%emt 0:05:48]} 27. Rb1 {[%emt 0:00:49]} Qc5 {[%emt 0:03:12]} 28. Qxc5 {[%emt 0:01:22]} Bxc5 {[%emt 0:00:01]} 29. Bb2 {[%emt 0:01:27]} Bf5 {[%emt 0:01:13]} 30. Rbc1 {[%emt 0:01:04]} Bb6 {[%emt 0:00:35]} 31. Nd4 {[%emt 0:01:09]} Be4 {[%emt 0:02:41]} 32. a3 {[%emt 0:01:36]} a5 {[%emt 0:02:14]} 33. Bc4 {[%emt 0:01:21]} Re7 {[%emt 0:02:45]} 34. Rd2 {[%emt 0:04:49]} Red7 {[%emt 0:02:37]} 35. Rcd1 {[%emt 0:00:58]} Nf6 {[%emt 0:00:17]} 36. b4 {[%emt 0:02:51]} a4 {[%emt 0:01:19]} 37. Kf1 {[%emt 0:01:40]} h5 {[%emt 0:03:49]} 38. h4 {[%emt 0:02:36]} Ng4 {[%emt 0:03:32]} 39. Bc3 {[%emt 0:02:42]} Bd5 {[%emt 0:04:00]} 40. Be2 {[%emt 0:00:00]} g6 {[%emt 0:00:00]} 41. Nf3 {[%emt 0:13:18]} f6 {[%emt 0:06:49]} 42. Ke1 {[%emt 0:01:31]} Kf8 {[%emt 0:01:13]} 43. Bc4 {[%emt 0:04:04]} Ke7 {[%emt 0:04:16]} 44. Bxd5 {[%emt 0:00:57]} Rxd5 {[%emt 0:00:07]} 45. Rxd5 {[%emt 0:00:18]} Rxd5 {[%emt 0:00:26]} 46. Rxd5 {[%emt 0:00:09]} cxd5 {[%emt 0:00:04]} 47. Ke2 {[%emt 0:03:44]} Kd6 {[%emt 0:00:48]} 48. g3 {[%emt 0:03:09]} Kc6 {[%emt 0:01:22]} 49. Nd4+ {[%emt 0:03:10]} Bxd4 {[%emt 0:06:25]} 50. Bxd4 {[%emt 0:00:07]} Kb5 {[%emt 0:07:04]} 51. f3 {[%emt 0:00:08]} Nh6 {[%emt 0:04:17]} 52. Bxf6 {[%emt 0:00:28]} Kc4 {[%emt 0:00:21]} 53. e4 {[%emt 0:05:15]} dxe4 {[%emt 0:01:47]} 54. fxe4 {[%emt 0:00:05]} b5 {[%emt 0:00:37]} 55. Kf3 {[%emt 0:01:34]} Kb3 {[%emt 0:02:28]} 56. e5 {[%emt 0:00:41]} Kxa3 {[%emt 0:00:42]} 57. Kf4 {[%emt 0:01:12]} Kxb4 {[%emt 0:00:40]} 58. Kg5 {[%emt 0:00:30]} Ng8 {[%emt 0:00:34]} 59. e6 {[%emt 0:00:28]} a3 {[%emt 0:00:44]} 60. Ba1 {[%emt 0:00:41]} Kc4 {[%emt 0:00:28]} 61. Kxg6 {[%emt 0:00:19]} Ne7+ {[%emt 0:00:15]} 62. Kf7 {[%emt 0:00:18]} Nd5 {[%emt 0:00:17]} 63. g4 {[%emt 0:00:37]} b4 {[%emt 0:01:27]} 64. gxh5 {[%emt 0:00:11]} b3 {[%emt 0:00:05]} 65. h6 {[%emt 0:00:05]} b2 {[%emt 0:00:05]} 66. Bxb2 {[%emt 0:00:03]} axb2 {[%emt 0:00:03]} 67. h7 {[%emt 0:00:04]} b1=Q {[%emt 0:00:11]} 68. h8=Q {[%emt 0:00:08]} Qf5+ {[%emt 0:00:42]} 69. Kg7 {[%emt 0:00:47]} Qf6+ {[%emt 0:01:01]} 70. Kh7 {[%emt 0:00:09]} Qxh4+ {[%emt 0:00:18]} 71. Kg8 {[%emt 0:02:36]} Ne7+ {[%emt 0:00:37]} 72. Kg7 {[%emt 0:00:05]} Nf5+ {[%emt 0:00:11]} 73. Kg8 {[%emt 0:00:05]} Qe7 {[%emt 0:02:00]} 74. Qa1 {[%emt 0:01:20]} Qxe6+ {[%emt 0:00:16]} 75. Kf8 {[%emt 0:00:37]} Qe7+ {[%emt 0:00:23]} 76. Kg8 {[%emt 0:00:05]} Nh6+ {[%emt 0:00:36]} 77. Kh8 {[%emt 0:00:05]} Nf7+ {[%emt 0:00:13]} 78. Kg8 {[%emt 0:00:20]} Ne5 {[%emt 0:00:29]} 79. Qa2+ {[%emt 0:00:22]} Kd4 {[%emt 0:00:15]} 80. Qb2+ {[%emt 0:00:19]} Ke4 {[%emt 0:00:17]} 81. Qc2+ {[%emt 0:00:15]} Kf4 {[%emt 0:00:36]} 82. Qd2+ {[%emt 0:00:18]} Kf5 {[%emt 0:00:05]} 83. Qc2+ {[%emt 0:00:36]} Kf6 {[%emt 0:00:57]} 84. Qf2+ {[%emt 0:00:15]} Ke6 {[%emt 0:00:36]} 85. Qa2+ {[%emt 0:00:07]} Kf6 {[%emt 0:00:27]} 86. Qf2+ {[%emt 0:00:07]} Kg6 {[%emt 0:00:04]} 87. Qg2+ {[%emt 0:00:33]} Qg5 {[%emt 0:00:34]} 88. Qxg5+ {[%emt 0:00:06]} Kxg5 {[%emt 0:00:07]} 1/2-1/2

[Event "69th RUS-ch Women Superfinal 2019"]
[Site "Izhevsk"]
[Date "2019.08.19"]
[Round "8.3"]
[White "Girya, Olga"]
[Black "Tomilova, Elena"]
[Result "1-0"]
[WhiteElo "2457"]
[BlackElo "2281"]
[Annotator "ChessBase"]
[PlyCount "127"]
[EventDate "2019.08.10"]
[EventType "tourn"]
[EventCountry "RUS"]
[SourceTitle "playchess.com"]
[Source "ChessBase"]
[SourceQuality "1"]
[TimeControl "40/5400+30:1800+30"]

1. d4 {[%emt 0:00:00]} Nf6 {[%emt 0:00:00]} 2. c4 {[%emt 0:00:00]} e6 {[%emt 0:00:00]} 3. Nc3 {[%emt 0:00:20]} Bb4 {[%emt 0:00:00]} 4. e3 {[%emt 0:00:51]} O-O {[%emt 0:00:17]} 5. Bd3 {[%emt 0:00:49]} c5 {[%emt 0:01:25]} 6. Nge2 {[%emt 0:01:37]} d5 {[%emt 0:01:31]} 7. cxd5 {[%emt 0:01:26]} cxd4 {[%emt 0:04:06]} 8. exd4 {[%emt 0:00:08]} Nxd5 {[%emt 0:02:26]} 9. O-O {[%emt 0:00:16]} Nc6 {[%emt 0:04:10]} 10. Nxd5 {[%emt 0:01:49]} exd5 {[%emt 0:05:14]} 11. Nf4 {[%emt 0:00:29]} Ne7 {[%emt 0:22:33]} 12. Qb3 {[%emt 0:26:00]} a5 {[%emt 0:05:27]} 13. Be3 {[%emt 0:08:18]} b6 {[%emt 0:06:55]} 14. Rac1 {[%emt 0:02:00]} Bd6 {[%emt 0:08:19]} 15. a3 {[%emt 0:01:31]} Ba6 {[%emt 0:02:05]} 16. Bxa6 {[%emt 0:09:16]} Rxa6 {[%emt 0:00:05]} 17. Qb5 {[%emt 0:08:38]} Ra7 {[%emt 0:00:22]} 18. g3 {[%emt 0:05:51]} Bb8 {[%emt 0:06:28]} 19. Rfd1 {[%emt 0:02:29]} a4 {[%emt 0:01:48]} 20. Ne2 {[%emt 0:02:00]} Ra5 {[%emt 0:07:54]} 21. Qd3 {[%emt 0:00:09]} Qd7 {[%emt 0:01:11]} 22. Bd2 {[%emt 0:00:57]} Ra8 {[%emt 0:01:19]} 23. Bb4 {[%emt 0:00:42]} Bd6 {[%emt 0:00:22]} 24. Bxd6 {[%emt 0:02:47]} Qxd6 {[%emt 0:00:02]} 25. Nc3 {[%emt 0:00:36]} h5 {[%emt 0:03:44]} 26. Re1 {[%emt 0:03:41]} h4 {[%emt 0:03:12]} 27. Re5 {[%emt 0:04:05]} Ng6 {[%emt 0:02:02]} 28. Rxd5 {[%emt 0:01:19]} Qe7 {[%emt 0:01:51]} 29. Qe4 {[%emt 0:02:58]} Qxe4 {[%emt 0:02:26]} 30. Nxe4 {[%emt 0:00:01]} Rfd8 {[%emt 0:00:17]} 31. Rxd8+ {[%emt 0:02:21]} Rxd8 {[%emt 0:00:01]} 32. Rc4 {[%emt 0:04:49]} b5 {[%emt 0:01:09]} 33. Rb4 {[%emt 0:00:02]} Ne7 {[%emt 0:04:00]} 34. Kg2 {[%emt 0:03:52]} Nc6 {[%emt 0:01:18]} 35. Rxb5 {[%emt 0:00:02]} Rxd4 {[%emt 0:00:07]} 36. Nc3 {[%emt 0:00:40]} hxg3 {[%emt 0:01:16]} 37. hxg3 {[%emt 0:01:12]} f6 {[%emt 0:00:12]} 38. Kf1 {[%emt 0:02:34]} g5 {[%emt 0:01:48]} 39. Rb6 {[%emt 0:00:34]} Ne5 {[%emt 0:00:49]} 40. Rxf6 {[%emt 0:00:00]} Nd3 {[%emt 0:00:00]} 41. Rg6+ {[%emt 0:05:46]} Kf7 {[%emt 0:01:36]} 42. Rxg5 {[%emt 0:00:08]} Nxb2 {[%emt 0:00:18]} 43. Rb5 {[%emt 0:04:03]} Rc4 {[%emt 0:06:24]} 44. Rxb2 {[%emt 0:05:37]} Rxc3 {[%emt 0:00:25]} 45. Ra2 {[%emt 0:03:36]} Kf6 {[%emt 0:00:42]} 46. Kg2 {[%emt 0:00:16]} Kg5 {[%emt 0:01:16]} 47. Kh3 {[%emt 0:00:24]} Rf3 {[%emt 0:00:27]} 48. Rc2 {[%emt 0:03:47]} Rxa3 {[%emt 0:00:47]} 49. Rc5+ {[%emt 0:00:27]} Kf6 {[%emt 0:00:20]} 50. Kg4 {[%emt 0:00:33]} Ra1 {[%emt 0:00:39]} 51. Ra5 {[%emt 0:00:34]} a3 {[%emt 0:00:14]} 52. Ra6+ {[%emt 0:00:51]} Kf7 {[%emt 0:15:43]} 53. Kf5 {[%emt 0:00:24]} Kf8 {[%emt 0:04:00]} 54. g4 {[%emt 0:01:25]} Ke7 {[%emt 0:02:29]} 55. g5 {[%emt 0:00:57]} Rf1 {[%emt 0:00:34]} 56. f4 {[%emt 0:00:09]} Rf3 {[%emt 0:00:18]} 57. Ra7+ {[%emt 0:00:45]} Kf8 {[%emt 0:00:10]} 58. Ke5 {[%emt 0:00:39]} Rb3 {[%emt 0:00:52]} 59. Kf6 {[%emt 0:00:52]} Rb6+ {[%emt 0:00:22]} 60. Kf5 {[%emt 0:00:05]} Rb3 {[%emt 0:00:13]} 61. Kg6 {[%emt 0:00:26]} Rb6+ {[%emt 0:00:25]} 62. Kh5 {[%emt 0:00:17]} Rb3 {[%emt 0:00:39]} 63. f5 {[%emt 0:00:05]} Rb5 {[%emt 0:01:19]} 64. Kg6 {[%emt 0:00:09]} 1-0

[Event "69th RUS-ch Women Superfinal 2019"]
[Site "Izhevsk"]
[Date "2019.08.19"]
[Round "8.4"]
[White "Charochkina, Daria"]
[Black "Shafigullina, Zarina"]
[Result "1-0"]
[WhiteElo "2338"]
[BlackElo "2246"]
[Annotator "TA"]
[PlyCount "33"]
[EventDate "2019.08.10"]
[EventType "tourn"]
[EventCountry "RUS"]
[SourceTitle "playchess.com"]
[Source "ChessBase"]
[SourceQuality "1"]

{[%evp 16,81,25,25,46,69,123,83,125,110,235,182,168,142,239,242,197,199,197,-151,239,242,222,135,128,108,103,110,125,100,128,0,42,0,87,39,22,-43,81,100,872,852,1169,1140,1013,497,527,534,520,521,531,520,521,515,493,475,445,421,1214,1333,1341,1132,29989,1016,29989,29989,29995,29996]} 1. d4 Nf6 2. Bg5 Ne4 3. Bf4 c5 4. f3 Qa5+ 5. c3 Nf6 6. d5 Qb6 7. Bc1 e6 8. e4 exd5 9. exd5 Qd6 {A45: Trompowsky Attack} (9... Be7 10. c4 d6 11. Bd3 Nbd7 12. f4 O-O 13. Nc3 Re8 14. Nge2 Nf8 15. Qc2 Bg4 16. O-O Bxe2 17. Bxe2 {0-1 (55) Mchedlishvili,M (2600)-Melkumyan,H (2664) Batumi 2018}) 10. c4 Qe5+ $146 (10... Qe7+ $14 11. Kf2 d6) ({Predecessor:} 10... b5 11. Nc3 Qe5+ 12. Nge2 bxc4 13. Bf4 Qf5 14. g4 Qd3 15. Ng3 Qd4 16. Qe2+ Kd8 17. Bc7+ Kxc7 18. Nb5+ Kd8 19. Nxd4 cxd4 20. Qxc4 Bb7 21. Qb5 Bxd5 22. g5 Bxf3 23. gxf6 Nc6 24. fxg7 {1-0 (24) Moreno Ruiz,J (2438)-Martinez Ramirez,E (2285) Linares 2016}) 11. Kf2 Bd6 {White is better.} 12. Nc3 Qh5 (12... O-O $16) 13. h4 {Strongly threatening Bg5.} Qe5 14. Nh3 Qg3+ (14... O-O $16 15. Bf4 Qe7) 15. Kg1 $18 O-O {[#]} 16. Nf4 $1 {[%mdl 576] Decoy} Bxf4 17. Rh3 {Played: Nc3-e2} 1-0

[Event "69th RUS-ch Women Superfinal 2019"]
[Site "Izhevsk"]
[Date "2019.08.19"]
[Round "8.5"]
[White "Shuvalova, Polina"]
[Black "Gunina, Valentina"]
[Result "0-1"]
[WhiteElo "2418"]
[BlackElo "2497"]
[Annotator "TA"]
[PlyCount "78"]
[EventDate "2019.08.10"]
[EventType "tourn"]
[EventCountry "RUS"]
[SourceTitle "playchess.com"]
[Source "ChessBase"]
[SourceQuality "1"]

{[%evp 16,78,19,9,23,11,9,3,6,0,0,0,0,0,0,0,0,0,7,0,0,0,0,-3,9,0,0,-27,0,-119,-112,-131,-132,-135,-139,-137,-140,-135,-90,-153,-150,-211,-213,-216,-213,-205,-205,-264,-276,-271,-262,-360,-350,-527,-506,-508,-499,-461,-385,-1262,-1241,-6313,-6148,-5214,-5214]} 1. e4 e5 2. Nf3 Nc6 3. Bb5 g6 4. d4 exd4 5. Bg5 Be7 6. Bxe7 Qxe7 7. Bxc6 dxc6 8. Qxd4 Nf6 9. Nc3 Bg4 {C60: Ruy Lopez: Unusual Black 3rd moves and 3...g6} 10. Nd2 c5 11. Qe3 O-O-O {The position is equal.} 12. h3 (12. a4 {keeps more tension.} Rhe8 13. a5 Be6 14. h3 Bd7 15. O-O) (12. f3 Be6 13. O-O-O b6 14. Rhe1 Kb8 15. h3 Rd4 16. f4 Rhd8 17. g4 {0-1 (42) Guseinov,G (2664)-Esipenko,A (2593) Skopje 2018}) 12... Bd7 13. O-O-O Bc6 14. Rhe1 b6 15. f3 Rhe8 16. Nc4 Nh5 $146 ({Predecessor:} 16... Qe6 17. Rxd8+ Rxd8 {0-1 (38) Olsarova,K (2303)-Khademalsharieh,S (2431) Batumi 2018}) 17. g4 Ng7 18. Rxd8+ Rxd8 19. f4 Ne6 20. b3 Qf6 21. f5 Nf4 {Strongly threatening ...Ng2.} 22. Rd1 {[#]} (22. e5 $1 $11 {was the only way to keep the balance.} Qh4 23. Rf1) 22... Qxc3 $1 $17 {[%cal Rc3a1][%mdl 512]} 23. Rxd8+ (23. Qxc3 Ne2+) 23... Kxd8 24. Qxf4 Qe1+ 25. Kb2 {Black must now prevent fxg6.} Qxe4 26. Qh6 b5 27. Nd2 ({White should try} 27. Na5) 27... Qe5+ 28. Kb1 (28. Kc1 $17 {keeps fighting.}) 28... Kc8 $19 29. a4 a6 {[%cal Ba7a6,Ba6b5][%mdl 32]} 30. axb5 axb5 31. Kc1 Kb7 32. fxg6 hxg6 {Hoping for ...c4!} 33. Nb1 g5 34. Qh7 (34. Qf8 {was worth a try.} f6 35. Qf7) 34... Qe3+ 35. Kb2 Qd4+ 36. Ka2 c4 37. Qf5 $2 (37. Qxf7 c3 38. Nxc3 Qxc3 {[%mdl 64] Double Attack} 39. Qf5) 37... c3 {Black is clearly winning.} 38. Na3 {[#]} Qa7 $1 {( -> ...b4)} 39. b4 {[#]} Qd4 $1 {Accuracy: White = 43%, Black = 89%.} 0-1

[Event "69th RUS-ch Women Superfinal 2019"]
[Site "Izhevsk"]
[Date "2019.08.19"]
[Round "8.6"]
[White "Kosteniuk, Alexandra"]
[Black "Pogonina, Natalija"]
[Result "1-0"]
[WhiteElo "2517"]
[BlackElo "2457"]
[Annotator "TA"]
[PlyCount "89"]
[EventDate "2019.08.10"]
[EventType "tourn"]
[EventCountry "RUS"]
[SourceTitle "playchess.com"]
[Source "ChessBase"]
[SourceQuality "1"]

{[%evp 9,89,9,21,14,16,16,22,12,16,23,20,4,32,34,35,31,37,32,21,22,52,60,52,42,45,31,50,31,58,42,36,33,83,90,81,80,214,220,210,179,179,141,159,153,146,155,143,132,278,277,255,206,199,202,422,422,422,422,464,456,456,456,464,464,464,464,591,591,1070,1003,1783,1755,1620,1472,1420,998,1217,1148,2247,2197,1355,1600]} 1. e4 e5 2. Nf3 Nc6 3. Bc4 Bc5 4. d3 Nf6 5. a4 (5. O-O d6 6. c3 a6 7. b4 Ba7 8. a4 O-O 9. Nbd2 Ne7 10. h3 c6 11. Re1 Ng6 12. d4 Re8 13. Bd3 Qc7 14. a5 Bd7 15. Nf1 d5 16. Nxe5 Nxe5 17. Bf4 Nxe4 18. Bxe4 dxe4 19. Rxe4 {½-½ (31) Anand,V (2779)-Topalov,V (2740) Shamkir 2019}) 5... h6 6. a5 {C50: Hungarian Defence and Giuoco Pianissimo} a6 7. c3 d6 8. O-O {The position is equal.} O-O 9. Re1 $146 ({Predecessor:} 9. b4 Ba7 10. h3 Ne7 11. Ra2 Ng6 12. Re2 Nh5 13. d4 Qf6 {0-1 (43) Santamaria Baeza,A-Bote Alvarez Carrasco,V (2183) Collado Villalba 2011}) 9... Ba7 10. Be3 Ne7 11. Bxa7 Rxa7 12. Nbd2 Ng6 13. d4 exd4 14. cxd4 d5 15. exd5 Nxd5 16. Qb3 Ndf4 17. g3 Nh3+ 18. Kg2 Ng5 19. h4 Nxf3 20. Nxf3 Bg4 21. Re4 $36 {[%mdl 2048] White is really pushing.} Qd7 22. Rae1 c6 (22... b5 $16 23. axb6 Rb7) 23. Ne5 $18 Nxe5 24. Rxe5 Raa8 25. d5 cxd5 26. Bxd5 Rad8 27. Qxb7 Qd6 28. Qb6 Qb8 (28... Qf6 $16 29. b3 Rd6) 29. R1e4 {[#] Strongly threatening Qxb8.} Bd7 30. Qxb8 Rxb8 31. Re7 Be6 $2 (31... Rbd8 {might work better.} 32. R4e5 Bb5) 32. Bxe6 {White is clearly winning.} fxe6 {[%mdl 4096] Endgame KRR-KRR} 33. b4 Rbc8 34. R7xe6 Rc2 35. Re2 Rc4 36. Rxa6 Rxb4 37. Ra7 Kh8 38. Ra2 Kh7 39. a6 {[%cal Ba5a6,Ba6a7][%mdl 32]} Rfb8 40. Rc7 Ra8 41. a7 Rb3 42. Ra4 h5 43. Ra5 Kh6 44. Rc6+ g6 45. Raa6 {Accuracy: White = 80%, Black = 42%.} 1-0